000 00960nam a2200265 i 4500
001 9595
003 ES-MaACL
005 20230906145721.0
007 t|
008 931110s1993 sp ||||1| spa d
020 _a84-7947-070-4
080 _a7 Bonnín, Francisco
080 _a75(46)"1874/1963" Bonnín, Francisco
100 1 _aBonnín, Francisco (
_d1874-1963)
_9152452
245 1 0 _aBonnín /
_cFrancisco Bonnín ; [estudio crítico de] Carmen González Cossío.
260 _a[Santa Cruz de Tenerife] :
_bViceconsejería de Cultura y Deportes,
_c[1993]
300 _a173 p. :
_bil. col. y n. ;
_c28 cm.
490 1 _aBiblioteca de artistas canarios ;
_v17
504 _aBibliografía: p. 163-169.
700 1 _aGonzález Cossío, Carmen.
_958516
710 1 _aCanarias.
_bViceconsejería de Cultura y Deportes.
_92427
830 0 _aBiblioteca de artistas canarios ;
_v17
_9178553
852 _aES-MaACL
_jL-17179
_bR.122077
999 _c9595
_d9595